<?xml version="1.0" encoding="UTF-8"?>
<record
    xmlns:xsi="http://www.w3.org/2001/XMLSchema-instance"
    xsi:schemaLocation="http://www.loc.gov/MARC21/slim http://www.loc.gov/standards/marcxml/schema/MARC21slim.xsd"
    xmlns="http://www.loc.gov/MARC21/slim">

  <leader>00876nam a2200181Ia 4500</leader>
  <controlfield tag="008">151202s9999||||xx |||||||||||||| ||und||</controlfield>
  <datafield tag="082" ind1=" " ind2=" ">
    <subfield code="b">PNVM-67428</subfield>
  </datafield>
  <datafield tag="100" ind1=" " ind2=" ">
    <subfield code="a">&#x939;&#x902;&#x92A;&#x94D;&#x930;&#x938; &#x92A;&#x94D;&#x930;&#x924;&#x93F;&#x92D;&#x93E;.</subfield>
  </datafield>
  <datafield tag="245" ind1=" " ind2=" ">
    <subfield code="a">&#x909;&#x924;&#x94D;&#x915;&#x943;&#x937;&#x94D;&#x91F;&#x92A;&#x923;&#x947; &#x928;&#x94B;&#x915;&#x930;&#x940; &#x906;&#x923;&#x93F; &#x918;&#x930; &#x938;&#x93E;&#x902;&#x92D;&#x93E;&#x933;&#x923;&#x94D;&#x92F;&#x93E;&#x91A;&#x940; &#x938;&#x942;&#x924;&#x94D;&#x930;&#x947;.</subfield>
  </datafield>
  <datafield tag="260" ind1=" " ind2=" ">
    <subfield code="b">&#x938;&#x93E;&#x915;&#x947;&#x924; &#x92A;&#x94D;&#x930;&#x915;&#x93E;&#x936;&#x928; &#x914;&#x930;&#x902;&#x917;&#x93E;&#x92C;&#x93E;&#x926;.</subfield>
  </datafield>
  <datafield tag="260" ind1=" " ind2=" ">
    <subfield code="c">67428</subfield>
  </datafield>
  <datafield tag="300" ind1=" " ind2=" ">
    <subfield code="a">144</subfield>
  </datafield>
  <datafield tag="600" ind1=" " ind2=" ">
    <subfield code="a">&#x939;&#x902;&#x92A;&#x94D;&#x930;&#x938; &#x92A;&#x94D;&#x930;&#x924;&#x93F;&#x92D;&#x93E;.</subfield>
  </datafield>
  <datafield tag="630" ind1=" " ind2=" ">
    <subfield code="a">&#x909;&#x924;&#x94D;&#x915;&#x943;&#x937;&#x94D;&#x91F;&#x92A;&#x923;&#x947; &#x928;&#x94B;&#x915;&#x930;&#x940; &#x906;&#x923;&#x93F; &#x918;&#x930; &#x938;&#x93E;&#x902;&#x92D;&#x93E;&#x933;&#x923;&#x94D;&#x92F;&#x93E;&#x91A;&#x940; &#x938;&#x942;&#x924;&#x94D;&#x930;&#x947;.</subfield>
  </datafield>
  <datafield tag="700" ind1=" " ind2=" ">
    <subfield code="a">&#x939;&#x902;&#x92A;&#x94D;&#x930;&#x938; &#x92A;&#x94D;&#x930;&#x924;&#x93F;&#x92D;&#x93E;.</subfield>
  </datafield>
  <datafield tag="730" ind1=" " ind2=" ">
    <subfield code="a">&#x909;&#x924;&#x94D;&#x915;&#x943;&#x937;&#x94D;&#x91F;&#x92A;&#x923;&#x947; &#x928;&#x94B;&#x915;&#x930;&#x940; &#x906;&#x923;&#x93F; &#x918;&#x930; &#x938;&#x93E;&#x902;&#x92D;&#x93E;&#x933;&#x923;&#x94D;&#x92F;&#x93E;&#x91A;&#x940; &#x938;&#x942;&#x924;&#x94D;&#x930;&#x947;.</subfield>
  </datafield>
  <datafield tag="942" ind1=" " ind2=" ">
    <subfield code="c">BOOK</subfield>
  </datafield>
  <datafield tag="999" ind1=" " ind2=" ">
    <subfield code="c">1333957</subfield>
    <subfield code="d">1333954</subfield>
  </datafield>
  <datafield tag="952" ind1=" " ind2=" ">
    <subfield code="0">0</subfield>
    <subfield code="1">0</subfield>
    <subfield code="4">0</subfield>
    <subfield code="7">0</subfield>
    <subfield code="a">PNVM</subfield>
    <subfield code="b">PNVM</subfield>
    <subfield code="d">2015-06-21</subfield>
    <subfield code="g">0.00</subfield>
    <subfield code="l">0</subfield>
    <subfield code="o">PNVM-67428</subfield>
    <subfield code="p">PNVM-67428</subfield>
    <subfield code="r">2015-12-02 00:00:00</subfield>
    <subfield code="v">0.00</subfield>
    <subfield code="w">2015-12-02</subfield>
    <subfield code="y">BOOK</subfield>
  </datafield>
</record>
